| 000 | 00796cab a22001935a 4500 | ||
|---|---|---|---|
| 001 | L148427 | ||
| 008 | 090916e20090604xxk f 000 0 eng d | ||
| 035 | _a(Sirsi) u148427 | ||
| 041 | 0 | _aeng | |
| 100 | 1 | _aHandley, Lucy | |
| 245 | 0 | 0 | _aNot grim for contractors up north |
| 260 | _c2009 | ||
| 490 |
_aConstruction News _v(7120) 4 June 2009, 28-29(2) |
||
| 520 | _aSurvey of large construction projects in Yorkshire and Humber. Many sectors have seen a decline in work but there was a 41% rise in the number of civil engineering projects on site. The top 30 projects total nearly £7bn of work. Glenigan forecasts a 61% increase in construction starts in quarter one of 2010. | ||
| 590 | _aKA | ||
| 651 | 4 |
_aYorkshire _y1888- |
|
| 690 | _aBUILT ENVIRONMENT-CONSTRUCTION MARKET | ||
| 942 | _n0 | ||
| 999 |
_c81830 _d81830 |
||